Jan Jessenius z Jasené : průběh pitvy jím slavnostně provedené v Praze L.P. MDC, k níž byl přičleněn traktát o kostech /

Hlavní autor: Jessenius, Jan, 1566-1621
Korporativní autor: Univerzita Karlova
Jazyk: Latina
Čeština
Vydáno: Praha : Karolinum, 2004
Vydání: Vyd. 1.
Témata:
Externí odkaz: Digitalizovaný dokument
Fyzický popis: 645 s. ; 19 cm
Language note: Souběžný latinský a český text
Knihy
Uloženo v:
LEADER 02099nam a2200517 a 4500
001 000759763
003 CZ BrMZK
005 20090717104434.0
007 ta
008 050117s2004 xr er 000 0dcze d
015 |a cnb001493039 
020 |a 80-246-0922-3  |q (váz.) 
035 |a (OCoLC)61115348 
040 |a BOA001  |b cze 
041 1 |a cze  |a lat  |h lat 
043 |a e-xo---  |a e-xr---  |b e-xr-pg  |2 czenas 
072 7 |a 616  |x Patologie. Klinická medicína  |2 Konspekt  |9 14 
080 |a 616-051  |2 MRF 
080 |a 616-091.5  |2 MRF 
080 |a (437.6)  |2 MRF 
080 |a (437.311)  |2 MRF 
080 |a (042.3)  |2 MRF 
080 |a (048.8)  |2 MRF 
080 |a (0.045)  |2 MRF 
100 1 |a Jessenius, Jan,  |d 1566-1621  |7 jk01051568  |4 aut 
245 1 0 |a Jan Jessenius z Jasené :  |b průběh pitvy jím slavnostně provedené v Praze L.P. MDC, k níž byl přičleněn traktát o kostech /  |c [překladatelé: Bohdana Divišová ... et al.] 
250 |a Vyd. 1. 
260 |a Praha :  |b Karolinum,  |c 2004 
300 |a 645 s. ;  |c 19 cm 
534 |p Původně vydáno:  |c Wittenberg : vytvořil Laurentius Seuberlich, nákladem Samuela Selfische, 1601 
546 |a Souběžný latinský a český text 
500 |a Dostupné též v digitální podobě v aplikaci Kramerius 
600 1 7 |a Jessenius, Jan,  |d 1566-1621  |7 jk01051568  |2 czenas 
650 0 7 |a lékaři  |7 ph122495  |z Slovensko  |y 16.-17. stol.  |2 czenas 
650 0 7 |a pitva  |7 ph124078  |z Česko  |y 1600  |2 czenas 
655 7 |a přednášky  |7 fd133199  |2 czenas 
655 7 |a studie  |7 fd133597  |2 czenas 
655 7 |a reprinty  |7 fd133253  |2 czenas 
651 7 |a Praha (Česko)  |7 ge118011  |2 czenas 
710 2 |a Univerzita Karlova  |7 kn20010710036 
765 0 |t Johannis Jessenii a Iesen, Anatomiae, Pragae, Anno M.D.C. abs se solenniter historia  |9 Česky 
856 4 1 |u http://www.digitalniknihovna.cz/mzk/uuid/uuid:fd6e4fe0-1d90-11e6-8803-005056827e51  |y Digitalizovaný dokument  |x NDK 
910 |a BOA001  |b 1-1146.349 
990 |a BK 
991 |b 200502  |c NOV 
996 6 |b 2610239488  |c 1-1146.349  |l MZK  |r Sklad / do 1 hodiny  |n 5  |p p.v.  |w 000759763  |u 000010  |a 1  |e BOA001  |j MZK50  |s P